[Event "CZE-chT2C 2223"]
[Site "Czech Republic"]
[Date "2022.10.16"]
[Round "1.6"]
[White "Kozeny, Pavel"]
[Black "Burda, Roman"]
[Result "1-0"]
[WhiteElo "2010"]
[BlackElo "2031"]
[PlyCount "101"]
[EventDate "2022.10.16"]
[EventType "team-tourn"]
[EventRounds "11"]
[EventCountry "CZE"]
[SourceTitle "EXT 2024"]
[Source "ChessBase"]
[SourceDate "2023.10.10"]
[SourceVersion "1"]
[SourceVersionDate "2023.10.10"]
[SourceQuality "1"]
[WhiteTeam "Lysa nad Labem"]
[BlackTeam "Neratovice II"]
[WhiteTeamCountry "CZE"]
[BlackTeamCountry "CZE"]

1. Nf3 d5 2. e3 c5 3. d4 Bg4 4. Nbd2 e6 5. c3 Nc6 6. Qa4 Bxf3 7. Nxf3 a6 8. Ne5 Qa5 9. Qxa5 Nxa5 10. dxc5 Bxc5 11. b4 Bd6 12. Nxf7 Kxf7 13. bxa5 Rc8 14. Rb1 Rc7 15. Bd2 Nf6 16. Bd3 Nd7 17. Ke2 Ne5 18. e4 Nxd3 19. Kxd3 dxe4+ 20. Kxe4 Rd8 21. Be3 Rdd7 22. Rb3 Rc4+ 23. Kf3 Be5 24. Rhb1 Rd5 25. Rxb7+ Kf6 26. R1b6 Rxa5 27. g4 h6 28. h4 Bxc3 29. g5+ hxg5 30. hxg5+ Kf5 31. Rf7+ Kg6 32. Re7 Rf5+ 33. Ke2 a5 34. Rexe6+ Kh5 35. Rbc6 Rxc6 36. Rxc6 Bb4 37. Rc7 Kg6 38. Kd3 Rd5+ 39. Ke4 Rd8 40. Bd4 Re8+ 41. Be5 Bf8 42. f4 a4 43. Rc6+ Kh5 44. Kf5 Ra8 45. g6 a3 46. Rc3 Kh4 47. Rb3 Rc8 48. Rb7 Kh5 49. Rb1 Kh4 50. Rh1+ Kg3 51. Rh8 1-0

[Event "CZE-chT2B 1617"]
[Site "Czech Republic"]
[Date "2017.02.12"]
[Round "8.6"]
[White "Burda, Roman"]
[Black "Kudrlicka, Ladislav"]
[Result "1/2-1/2"]
[WhiteElo "2058"]
[BlackElo "2058"]
[PlyCount "125"]
[EventDate "2016.10.09"]
[EventType "team-tourn"]
[EventRounds "11"]
[EventCountry "CZE"]
[SourceTitle "EXT 2022"]
[Source "ChessBase"]
[SourceDate "2021.10.06"]
[SourceVersion "1"]
[SourceVersionDate "2021.10.06"]
[SourceQuality "1"]
[WhiteTeam "Usti nad Labem"]
[BlackTeam "Teplice"]
[WhiteTeamCountry "CZE"]
[BlackTeamCountry "CZE"]

1. d4 d5 2. c4 e6 3. Nc3 Nf6 4. Bg5 c6 5. e3 Nbd7 6. Nf3 Bd6 7. c5 Bc7 8. Qa4 0-0 9. 0-0-0 e5 10. dxe5 Nxe5 11. Qh4 Ng6 12. Qd4 h6 13. Bxf6 Qxf6 14. Qxf6 gxf6 15. e4 dxe4 16. Nxe4 Kg7 17. Bc4 Bf4+ 18. Nfd2 Ne5 19. g3 Bxd2+ 20. Nxd2 Bg4 21. Rde1 Rad8 22. Re4 Bf5 23. Rf4 Bd3 24. Bb3 Bg6 25. Bc2 Rd5 26. b4 Rfd8 27. Nb3 Bxc2 28. Kxc2 Nd3 29. Rg4+ Rg5 30. Rc4 Re5 31. Nd4 Nxf2 32. Rf1 Ng4 33. Nf5+ Rxf5 34. Rxg4+ Rg5 35. Rgf4 Re5 36. Rxf6 Re2+ 37. Kc3 Re3+ 38. Kc2 Re2+ 39. Kc1 Rd7 40. R1f2 Rxf2 41. Rxf2 Rd4 42. a3 a5 43. bxa5 Ra4 44. Kb2 Rxa5 45. Rc2 Rb5+ 46. Ka2 Kf6 47. Rc4 Ke6 48. a4 Ra5 49. Kb3 Kd5 50. Rb4 Ra7 51. Rf4 Kxc5 52. Rxf7 Ra8 53. Rf5+ Kb6 54. Rf6 Rh8 55. Kc4 h5 56. Rg6 Rh7 57. Rg5 Ka6 58. h3 Rh6 59. Kd4 Rh8 60. h4 b5 61. Kc5 bxa4 62. Rf5 Rg8 63. Rf4 1/2-1/2

[Event "CZE-chT2B 1516"]
[Site "Czech Republic"]
[Date "2016.03.13"]
[Round "9.6"]
[White "Burda, Roman"]
[Black "Tazlar, Petr"]
[Result "0-1"]
[WhiteElo "2061"]
[BlackElo "2231"]
[PlyCount "86"]
[EventDate "2015.10.18"]
[EventType "team-tourn"]
[EventRounds "11"]
[EventCountry "CZE"]
[SourceTitle "EXT 2022"]
[Source "ChessBase"]
[SourceDate "2021.10.06"]
[SourceVersion "1"]
[SourceVersionDate "2021.10.06"]
[SourceQuality "1"]
[WhiteTeam "Neratovice II"]
[BlackTeam "Jicin II"]
[WhiteTeamCountry "CZE"]
[BlackTeamCountry "CZE"]

1. d4 Nf6 2. c4 e6 3. Nc3 Bb4 4. Bd2 c5 5. e3 0-0 6. a3 Bxc3 7. Bxc3 Ne4 8. Qc2 Nxc3 9. Qxc3 b6 10. Be2 Bb7 11. Bf3 Qc7 12. d5 exd5 13. cxd5 d6 14. Ne2 Nd7 15. g3 Ne5 16. Bg2 Ba6 17. Rd1 Rae8 18. Rd2 Qd7 19. 0-0 Qg4 20. f3 Qc4 21. e4 Qxc3 22. bxc3 f5 23. Rf2 fxe4 24. fxe4 Rxf2 25. Kxf2 Rf8+ 26. Kg1 g5 27. a4 Bc4 28. Nc1 Kg7 29. Rf2 Rxf2 30. Kxf2 Ng4+ 31. Kg1 Kf6 32. Bf3 Ne5 33. Kg2 Nxf3 34. Kxf3 h5 35. h4 gxh4 36. gxh4 Ke5 37. Ke3 a6 38. Kf3 b5 39. axb5 axb5 40. Ke3 b4 41. cxb4 cxb4 42. Nd3+ Bxd3 43. Kxd3 b3 0-1

[Event "CZE-chT2B 1415"]
[Site "Czech Republic"]
[Date "2015.01.25"]
[Round "6.8"]
[White "Burda, Roman"]
[Black "Tichy, Josef"]
[Result "1-0"]
[WhiteElo "2041"]
[BlackElo "1971"]
[PlyCount "87"]
[EventDate "2014.11.02"]
[EventType "team-tourn"]
[EventRounds "11"]
[EventCountry "CZE"]
[SourceTitle "EXT 2022"]
[Source "ChessBase"]
[SourceDate "2021.10.06"]
[SourceVersion "1"]
[SourceVersionDate "2021.10.06"]
[SourceQuality "1"]
[WhiteTeam "Neratovice"]
[BlackTeam "Mlada Boleslav"]
[WhiteTeamCountry "CZE"]
[BlackTeamCountry "CZE"]

1. d4 d5 2. c4 c6 3. Nc3 Nf6 4. Nf3 dxc4 5. a4 Bg4 6. e3 e6 7. h3 Bh5 8. Bxc4 Bb4 9. 0-0 0-0 10. Qb3 c5 11. dxc5 Nc6 12. g4 Bg6 13. Rd1 Qe7 14. Ne5 Nxe5 15. Qxb4 Bc2 16. Rd6 a5 17. Qb5 Ne4 18. Rd4 Nf3+ 19. Kg2 Nxd4 20. exd4 Qf6 21. f3 Nxc3 22. bxc3 e5 23. Be3 e4 24. f4 Qc6 25. Ra2 Bd1 26. Rd2 Bxa4 27. Qb2 Qc7 28. d5 Bd7 29. Qb1 a4 30. Rb2 a3 31. Rxb7 a2 32. Bxa2 Rxa2+ 33. Kg3 Qa5 34. Rxd7 Ra1 35. Qb3 Ra3 36. Qb4 Qxb4 37. cxb4 Rxe3+ 38. Kf2 Rb3 39. c6 Re8 40. c7 e3+ 41. Ke2 Rb2+ 42. Kd3 Kf8 43. Rd8 Rd2+ 44. Kc3 1-0

[Event "Rakovnik Regional-chT 1415"]
[Site "Rakovnik"]
[Date "2015.01.04"]
[Round "5.8"]
[White "Burda, Roman"]
[Black "Misicko, Jan"]
[Result "0-1"]
[WhiteElo "2041"]
[BlackElo "2036"]
[PlyCount "90"]
[EventDate "2014.10.19"]
[EventType "team-tourn"]
[EventRounds "11"]
[EventCountry "CZE"]
[SourceTitle "EXT 2016"]
[Source "ChessBase"]
[SourceDate "2015.10.08"]
[SourceVersion "1"]
[SourceVersionDate "2015.10.08"]
[SourceQuality "1"]
[WhiteTeam "Neratovice II"]
[BlackTeam "Rakovnik"]
[WhiteTeamCountry "CZE"]
[BlackTeamCountry "CZE"]

1. d4 Nf6 2. c4 e6 3. Nc3 Bb4 4. Qc2 d5 5. e3 0-0 6. a3 Be7 7. Nf3 b6 8. Ne5 dxc4 9. Bxc4 Bb7 10. 0-0 Nbd7 11. Rd1 c6 12. Bd3 Qc7 13. f4 g6 14. Bd2 Rac8 15. Rac1 c5 16. Nb5 Qb8 17. Qb3 a6 18. Nc3 b5 19. Nxd7 Nxd7 20. Be4 Nf6 21. Bxb7 Qxb7 22. dxc5 Bxc5 23. Na4 Ba7 24. Rxc8 Qxc8 25. Nc3 Rd8 26. Bc1 Nd5 27. Nxd5 Rxd5 28. Kf2 Rc5 29. Bd2 e5 30. Kf3 Qc6+ 31. e4 Rc4 32. Re1 Rd4 33. Qc3 Qd7 34. Be3 Rd3 35. Qxe5 h5 36. f5 Rxe3+ 37. Rxe3 Qd1+ 38. Kg3 Bxe3 39. Qe8+ Kg7 40. Qe5+ Kh7 41. fxg6+ Kxg6 42. Qf5+ Kg7 43. Qe5+ Kh7 44. h3 Qe1+ 45. Kh2 Bg1+ 0-1

[Event "CZE-chT2B 1314"]
[Site "Czech Republic"]
[Date "2014.03.23"]
[Round "10.8"]
[White "Kovar, Jan1111"]
[Black "Burda, Roman"]
[Result "1-0"]
[WhiteElo "2003"]
[BlackElo "2116"]
[PlyCount "81"]
[EventDate "2013.11.03"]
[EventType "team-tourn"]
[EventRounds "11"]
[EventCountry "CZE"]
[SourceTitle "EXT 2015"]
[Source "ChessBase"]
[SourceDate "2014.11.20"]
[SourceVersion "1"]
[SourceVersionDate "2014.11.20"]
[SourceQuality "1"]
[WhiteTeam "Teplice"]
[BlackTeam "Neratovice"]
[WhiteTeamCountry "CZE"]
[BlackTeamCountry "CZE"]

1. d4 d5 2. Nf3 c5 3. e3 Nc6 4. Be2 Nf6 5. 0-0 e6 6. b3 Ne4 7. Bb2 Qa5 8. c4 dxc4 9. Bxc4 cxd4 10. Nxd4 Bd7 11. Qc2 Nf6 12. Rd1 Be7 13. Nc3 Nxd4 14. exd4 b5 15. Bd3 Rc8 16. a3 0-0 17. b4 Qb6 18. Qe2 a6 19. Ne4 Nxe4 20. Qxe4 f5 21. Qe2 Bf6 22. Bb1 Qd6 23. Ba2 Rfe8 24. Rac1 Rxc1 25. Rxc1 Bc6 26. Rc5 Be4 27. Qd2 Rd8 28. f3 Bd5 29. Bxd5 exd5 30. Qc3 Qe6 31. h3 Kf7 32. Rc7+ Kg6 33. g4 Qd6 34. Kg2 Re8 35. Qc2 Qe6 36. Qf2 f4 37. h4 h5 38. Qc2+ Kh6 39. g5+ Bxg5 40. hxg5+ Kxg5 41. Rxg7+ 1-0

[Event "CZE-chT2B 1314"]
[Site "Czech Republic"]
[Date "2013.11.03"]
[Round "1.8"]
[White "Cichy, Miroslav"]
[Black "Burda, Roman"]
[Result "1-0"]
[WhiteElo "2136"]
[BlackElo "2116"]
[PlyCount "95"]
[EventDate "2013.11.03"]
[EventType "team-tourn"]
[EventRounds "11"]
[EventCountry "CZE"]
[SourceTitle "EXT 2015"]
[Source "ChessBase"]
[SourceDate "2014.11.20"]
[SourceVersion "1"]
[SourceVersionDate "2014.11.20"]
[SourceQuality "1"]
[WhiteTeam "Most Chess"]
[BlackTeam "Neratovice"]
[WhiteTeamCountry "CZE"]
[BlackTeamCountry "CZE"]

1. e4 e5 2. Bc4 Nc6 3. Nf3 Bc5 4. c3 d6 5. Qe2 Bg4 6. d3 Nf6 7. Bb3 0-0 8. h3 Bh5 9. Nbd2 d5 10. Nf1 dxe4 11. dxe4 Qe7 12. g4 Bg6 13. Ng3 Rad8 14. Nh4 Qd6 15. Bc2 Ne7 16. Nhf5 Bxf5 17. Nxf5 Qc6 18. Nxe7+ Bxe7 19. Bd2 Rd7 20. g5 Ne8 21. Bb3 Bc5 22. 0-0-0 Nd6 23. Bd5 Qa4 24. f3 Rfd8 25. h4 c6 26. Bb3 Qb5 27. c4 Qb6 28. Bc3 Be3+ 29. Kb1 Bf4 30. h5 Qc5 31. g6 h6 32. gxf7+ Nxf7 33. a3 Qb6 34. Ka2 Qe3 35. Qg2 Ng5 36. Qg4 Qxf3 37. c5+ Kf8 38. Qf5+ Ke7 39. Rdg1 Rf8 40. Qg6 Kd8 41. Rd1 Qxh1 42. Rxd7+ Kxd7 43. Qd6+ Ke8 44. Qb8+ Ke7 45. Qxb7+ Ke8 46. Qxc6+ Ke7 47. Qd6+ Ke8 48. Ba5 1-0

[Event "CZE-chT2B 1213"]
[Site "Czech Republic"]
[Date "2013.01.20"]
[Round "7.6"]
[White "Lastovka, Jan"]
[Black "Burda, Roman"]
[Result "0-1"]
[WhiteElo "2141"]
[BlackElo "2158"]
[PlyCount "76"]
[EventDate "2012.10.14"]
[EventType "team-tourn"]
[EventRounds "11"]
[EventCountry "CZE"]
[SourceTitle "EXT 2015"]
[Source "ChessBase"]
[SourceDate "2014.11.20"]
[SourceVersion "1"]
[SourceVersionDate "2014.11.20"]
[SourceQuality "1"]
[WhiteTeam "Liberec Desko"]
[BlackTeam "Neratovice"]
[WhiteTeamCountry "CZE"]
[BlackTeamCountry "CZE"]

1. e4 e5 2. Nf3 Nc6 3. Bb5 a6 4. Bxc6 dxc6 5. h3 Nf6 6. 0-0 Be6 7. Re1 Nd7 8. d4 Qf6 9. d5 cxd5 10. exd5 Bf5 11. Nxe5 Nxe5 12. Bf4 Bd6 13. Bxe5 Bxe5 14. f4 0-0-0 15. Rxe5 Qb6+ 16. Kh2 Qxb2 17. Na3 g6 18. Nc4 Qc3 19. Ne3 f6 20. Re7 Qb4 21. Nxf5 gxf5 22. Qe2 Qxf4+ 23. g3 Qd6 24. c4 f4 25. Qe6+ Qxe6 26. Rxe6 fxg3+ 27. Kxg3 Rd6 28. Rxd6 cxd6 29. Kf4 Rg8 30. Kf5 Rg3 31. Ke6 Kc7 32. h4 Rg4 33. h5 Rg5 34. Rf1 Rxh5 35. Rxf6 Re5+ 36. Kf7 h5 37. Re6 Kd7 38. Rh6 b5 0-1

[Event "CZE-chT2B 1213"]
[Site "Czech Republic"]
[Date "2012.11.18"]
[Round "3.7"]
[White "Crha, Pavel"]
[Black "Burda, Roman"]
[Result "1-0"]
[WhiteElo "2073"]
[BlackElo "2158"]
[PlyCount "43"]
[EventDate "2012.10.14"]
[EventType "team-tourn"]
[EventRounds "11"]
[EventCountry "CZE"]
[SourceTitle "EXT 2015"]
[Source "ChessBase"]
[SourceDate "2014.11.20"]
[SourceVersion "1"]
[SourceVersionDate "2014.11.20"]
[SourceQuality "1"]
[WhiteTeam "Mlada Boleslav"]
[BlackTeam "Neratovice"]
[WhiteTeamCountry "CZE"]
[BlackTeamCountry "CZE"]

1. c4 e5 2. Nc3 Nf6 3. g3 c6 4. d4 e4 5. Bg5 Bb4 6. Qb3 Na6 7. Bg2 d5 8. Bxf6 gxf6 9. cxd5 Qxd5 10. Qc2 f5 11. a3 Qa5 12. Nh3 Be6 13. 0-0 Bxc3 14. bxc3 c5 15. Nf4 cxd4 16. cxd4 Rc8 17. Qb2 Bd5 18. Bh3 0-0 19. Bxf5 Bc6 20. Bxc8 Rxc8 21. d5 Bxd5 22. Nh5 1-0

[Event "CZE-chT2B 1213"]
[Site "Czech Republic"]
[Date "2012.11.04"]
[Round "2.6"]
[White "Pribyl, Jakub"]
[Black "Burda, Roman"]
[Result "1/2-1/2"]
[WhiteElo "2131"]
[BlackElo "2158"]
[PlyCount "96"]
[EventDate "2012.10.14"]
[EventType "team-tourn"]
[EventRounds "11"]
[EventCountry "CZE"]
[SourceTitle "EXT 2015"]
[Source "ChessBase"]
[SourceDate "2014.11.20"]
[SourceVersion "1"]
[SourceVersionDate "2014.11.20"]
[SourceQuality "1"]
[WhiteTeam "Usti nad Labem"]
[BlackTeam "Neratovice"]
[WhiteTeamCountry "CZE"]
[BlackTeamCountry "CZE"]

1. e4 e5 2. Nf3 Nc6 3. Bc4 Bc5 4. Qe2 d6 5. c3 Bg4 6. d3 Nf6 7. Bb3 0-0 8. h3 Bh5 9. g4 Bg6 10. Bg5 h6 11. Bh4 a5 12. Nbd2 a4 13. Bc2 d5 14. 0-0 dxe4 15. dxe4 Qe7 16. Nc4 Qe6 17. Bxf6 Qxf6 18. Kg2 Qf4 19. Nh4 Ne7 20. Nf5 b5 21. Nce3 c6 22. b4 axb3 23. axb3 Bxf5 24. exf5 e4 25. Rxa8 Rxa8 26. Nd1 Bd6 27. Rh1 Ra2 28. Qxe4 Nd5 29. c4 Nb4 30. Bb1 Rd2 31. Qxf4 Bxf4 32. cxb5 cxb5 33. Nc3 Rb2 34. Nxb5 Be3 35. Rf1 Nd5 36. Be4 Nf6 37. Bf3 Bb6 38. Nc3 Rxb3 39. Nd5 Nxd5 40. Bxd5 Rb2 41. Be4 Kf8 42. Kg3 Ke7 43. h4 Kf6 44. Bd5 Rd2 45. Bf3 Bc7+ 46. Kg2 Bb6 47. Kg3 Bc7+ 48. Kg2 Bb6 1/2-1/2

[Event "Hrdonov Fontana op"]
[Site "Hrdonov"]
[Date "2012.10.27"]
[Round "9"]
[White "Franc, Ondrej"]
[Black "Burda, Roman"]
[Result "1-0"]
[WhiteElo "1803"]
[BlackElo "2158"]
[PlyCount "59"]
[EventDate "2012.10.20"]
[EventType "swiss"]
[EventRounds "9"]
[EventCountry "CZE"]
[SourceTitle "CBM 151 Extra"]
[Source "ChessBase"]
[SourceDate "2012.12.18"]
[SourceVersion "1"]
[SourceVersionDate "2012.12.18"]
[SourceQuality "1"]

1. d4 d5 2. c4 c5 3. dxc5 d4 4. Nf3 Nc6 5. e3 e5 6. exd4 exd4 7. Nbd2 Bxc5 8. Nb3 Qe7+ 9. Be2 Bf5 10. 0-0 0-0-0 11. Bd3 Bg4 12. Bf4 Bb4 13. a3 Qf6 14. Qc1 Bxf3 15. Bg5 Qe6 16. Bxd8 Bxg2 17. Kxg2 Qg4+ 18. Kh1 Qf3+ 19. Kg1 Nh6 20. axb4 Qxd3 21. Nc5 Qh3 22. Qf4 Rxd8 23. b5 Qh5 24. b6 Qg6+ 25. Kh1 Rd7 26. Nxd7 Kxd7 27. Qc7+ Ke6 28. bxa7 Ng4 29. a8Q Nge5 30. Qac8+ 1-0

[Event "Hrdonov Fontana op"]
[Site "Hrdonov"]
[Date "2012.10.25"]
[Round "7"]
[White "Lochman, Vaclav"]
[Black "Burda, Roman"]
[Result "1/2-1/2"]
[WhiteElo "2026"]
[BlackElo "2158"]
[PlyCount "98"]
[EventDate "2012.10.20"]
[EventType "swiss"]
[EventRounds "9"]
[EventCountry "CZE"]
[SourceTitle "CBM 151 Extra"]
[Source "ChessBase"]
[SourceDate "2012.12.18"]
[SourceVersion "1"]
[SourceVersionDate "2012.12.18"]
[SourceQuality "1"]

1. e4 e5 2. Nc3 Bc5 3. Nf3 d6 4. Bc4 Bg4 5. d3 Nc6 6. Na4 Qf6 7. Bb5 Nge7 8. Nxc5 dxc5 9. Bg5 Qxg5 10. Nxg5 Bxd1 11. Rxd1 h6 12. Nf3 0-0-0 13. Bc4 Rhf8 14. 0-0 Rd6 15. g3 f5 16. exf5 Rxf5 17. Nd2 Nd4 18. c3 Nf3+ 19. Nxf3 Rxf3 20. Rde1 Ng6 21. Re3 Rf5 22. Rfe1 Kd7 23. Bg8 Rdf6 24. Bh7 Kd6 25. Bxg6 Rxg6 26. Kg2 b5 27. Re4 Rgf6 28. R1e2 h5 29. h4 g6 30. a3 Rf3 31. R4e3 Rxe3 32. Rxe3 Kd5 33. f3 a5 34. g4 Rf4 35. Kg3 b4 36. Re4 Rf8 37. c4+ Kd6 38. f4 bxa3 39. bxa3 exf4+ 40. Rxf4 Rd8 41. Kf3 hxg4+ 42. Rxg4 Ke5 43. Ke3 Kf6 44. Rg5 Re8+ 45. Kf4 Rd8 46. Rxc5 Rxd3 47. Rc6+ Kf7 48. Rxc7+ Kf6 49. Rc6+ Kf7 1/2-1/2

[Event "Hrdonov Fontana op"]
[Site "Hrdonov"]
[Date "2012.10.24"]
[Round "6"]
[White "Cerny, Michal"]
[Black "Burda, Roman"]
[Result "1/2-1/2"]
[WhiteElo "1882"]
[BlackElo "2158"]
[PlyCount "51"]
[EventDate "2012.10.20"]
[EventType "swiss"]
[EventRounds "9"]
[EventCountry "CZE"]
[SourceTitle "CBM 151 Extra"]
[Source "ChessBase"]
[SourceDate "2012.12.18"]
[SourceVersion "1"]
[SourceVersionDate "2012.12.18"]
[SourceQuality "1"]

1. e4 e5 2. Nf3 Nc6 3. Bb5 a6 4. Ba4 Bc5 5. c3 b5 6. Bc2 Nf6 7. d4 exd4 8. cxd4 Bb4+ 9. Bd2 d5 10. e5 Ne4 11. Nc3 Nxd2 12. Qxd2 Bg4 13. Bd1 0-0 14. 0-0 f6 15. Qd3 fxe5 16. dxe5 d4 17. Qe4 dxc3 18. Qxg4 Qe7 19. Bb3+ Kh8 20. Bd5 cxb2 21. Rad1 Nxe5 22. Nxe5 b1Q 23. Rxb1 Qxe5 24. Bxa8 Bd6 25. f4 Qd4+ 26. Kh1 1/2-1/2

[Event "CZE-chT2B 1213"]
[Site "Czech Republic"]
[Date "2012.10.14"]
[Round "1.6"]
[White "Burda, Roman"]
[Black "Marsalek, Zdenek"]
[Result "0-1"]
[WhiteElo "2158"]
[BlackElo "2240"]
[PlyCount "94"]
[EventDate "2012.10.14"]
[EventType "team-tourn"]
[EventRounds "11"]
[EventCountry "CZE"]
[SourceTitle "EXT 2015"]
[Source "ChessBase"]
[SourceDate "2014.11.20"]
[SourceVersion "1"]
[SourceVersionDate "2014.11.20"]
[SourceQuality "1"]
[WhiteTeam "Neratovice"]
[BlackTeam "Turnov Zikuda II"]
[WhiteTeamCountry "CZE"]
[BlackTeamCountry "CZE"]

1. e4 d6 2. d4 Nf6 3. Nc3 e5 4. dxe5 dxe5 5. Qxd8+ Kxd8 6. Bg5 Be6 7. 0-0-0+ Nbd7 8. Nf3 Kc8 9. Bb5 c6 10. Ba4 Bb4 11. Bxf6 gxf6 12. Bb3 Nc5 13. Nd2 Bxc3 14. bxc3 a5 15. Rhe1 Rg8 16. g3 Kc7 17. Bxe6 fxe6 18. Nc4 b5 19. Nb2 Rgd8 20. Re3 b4 21. Rxd8 Kxd8 22. Nd3 Nxd3+ 23. Rxd3+ Ke7 24. cxb4 axb4 25. Kb2 c5 26. a3 Ra4 27. f3 c4 28. Re3 Kd6 29. axb4 Rxb4+ 30. Kc3 Kc5 31. f4 exf4 32. gxf4 Ra4 33. Kd2 Ra2 34. e5 f5 35. Rg3 Kd4 36. Rc3 Ra1 37. Rh3 Rf1 38. c3+ Ke4 39. Rxh7 Rf2+ 40. Ke1 Rxf4 41. Ke2 Rf3 42. Re7 Rxc3 43. Rxe6 Rc2+ 44. Kf1 f4 45. h4 Ke3 46. Ra6 Rc1+ 47. Kg2 f3+ 0-1

[Event "CZE-chT2B 1112"]
[Site "Czech Republic"]
[Date "2012.03.25"]
[Round "10.7"]
[White "Chrz, Pavel"]
[Black "Burda, Roman"]
[Result "0-1"]
[WhiteElo "2094"]
[BlackElo "2149"]
[PlyCount "48"]
[EventDate "2011.10.09"]
[EventType "team-tourn"]
[EventRounds "11"]
[EventCountry "CZE"]
[SourceTitle "EXT 2013"]
[Source "ChessBase"]
[SourceDate "2012.11.22"]
[SourceVersion "1"]
[SourceVersionDate "2012.11.22"]
[SourceQuality "1"]
[WhiteTeam "Usti nad Labem"]
[BlackTeam "Neratovice"]
[WhiteTeamCountry "CZE"]
[BlackTeamCountry "CZE"]

1. d4 d5 2. Nc3 c5 3. e4 dxe4 4. Bb5+ Bd7 5. dxc5 Bxb5 6. Qxd8+ Kxd8 7. Nxb5 Nd7 8. Be3 a6 9. Nc3 Ngf6 10. 0-0-0 e6 11. Nge2 Kc7 12. b4 a5 13. a3 axb4 14. axb4 b6 15. Nb5+ Kb7 16. Kb2 bxc5 17. Ra1 Be7 18. Rhd1 Nd5 19. c4 Bf6+ 20. Nec3 Rxa1 21. Rxa1 Nxc3 22. Ra7+ Kb8 23. Rxd7 Nxb5+ 24. Kc2 Nd4+ 0-1

[Event "CZE-chT2B 1112"]
[Site "Czech Republic"]
[Date "2012.02.05"]
[Round "7.8"]
[White "Burda, Roman"]
[Black "Sulc, Jaromir"]
[Result "1/2-1/2"]
[WhiteElo "2149"]
[BlackElo "2073"]
[PlyCount "86"]
[EventDate "2011.10.09"]
[EventType "team-tourn"]
[EventRounds "11"]
[EventCountry "CZE"]
[SourceTitle "EXT 2013"]
[Source "ChessBase"]
[SourceDate "2012.11.22"]
[SourceVersion "1"]
[SourceVersionDate "2012.11.22"]
[SourceQuality "1"]
[WhiteTeam "Neratovice"]
[BlackTeam "Kladno"]
[WhiteTeamCountry "CZE"]
[BlackTeamCountry "CZE"]

1. e4 e5 2. f4 Bc5 3. Nf3 d6 4. c3 Nf6 5. d4 exd4 6. cxd4 Bb6 7. Nc3 0-0 8. h3 Re8 9. e5 c5 10. Be2 cxd4 11. exf6 dxc3 12. fxg7 Qf6 13. Qc2 Nc6 14. bxc3 Bf5 15. Qd2 Be3 16. Qb2 Bd3 17. Bxe3 Rxe3 18. 0-0 Rxe2 19. Qxb7 Rb8 20. Qxc6 Be4 21. Qc7 Rbb2 22. Qc8+ Kxg7 23. Qg4+ Qg6 24. Qxg6+ hxg6 25. Nh4 Bxg2 26. Rfd1 d5 27. Nxg2 Rxg2+ 28. Kh1 Rh2+ 29. Kg1 Rbg2+ 30. Kf1 Rc2 31. Kg1 Rxh3 32. Rxd5 Rg3+ 33. Kh1 Rf3 34. a4 Rxf4 35. a5 Rc4 36. Rd7 R4xc3 37. Rf1 Rh3+ 38. Kg1 Ra3 39. Rxa7 Rca2 40. a6 Rxa6 41. Rfxf7+ Kh6 42. Rxa6 Rxa6 43. Kg2 Ra3 1/2-1/2

[Event "CZE-chT2C 1011"]
[Site "Czech Republic"]
[Date "2011.03.06"]
[Round "9.8"]
[White "Burda, Roman"]
[Black "Skala, Jaromir"]
[Result "1/2-1/2"]
[WhiteElo "2136"]
[BlackElo "2031"]
[PlyCount "93"]
[EventDate "2010.10.17"]
[EventType "team-tourn"]
[EventRounds "11"]
[EventCountry "CZE"]
[SourceTitle "EXT 2012"]
[Source "ChessBase"]
[SourceDate "2011.11.24"]
[SourceVersion "1"]
[SourceVersionDate "2011.11.24"]
[SourceQuality "1"]
[WhiteTeam "Neratovice"]
[BlackTeam "Kutna Hora"]
[WhiteTeamCountry "CZE"]
[BlackTeamCountry "CZE"]

1. e4 e5 2. f4 Bc5 3. Nf3 d6 4. c3 Bb6 5. d4 exd4 6. cxd4 Nf6 7. Nc3 0-0 8. e5 dxe5 9. fxe5 Nd5 10. Qb3 Nxc3 11. bxc3 Be6 12. Bc4 Bxc4 13. Qxc4 Nc6 14. Bg5 Na5 15. Qb5 f6 16. exf6 gxf6 17. Bh6 Qe8+ 18. Qxe8 Rfxe8+ 19. Kf2 Nc4 20. Rhe1 Kf7 21. Nd2 Ne5 22. Kg3 Rg8+ 23. Kh3 Ng4 24. Be3 Rae8 25. Nc4 Nxe3 26. Rxe3 Rxe3+ 27. Nxe3 Re8 28. Nc4 Re2 29. a4 Rc2 30. Ra3 Bxd4 31. Nd6+ cxd6 32. cxd4 Rc4 33. Rb3 b6 34. a5 Rxd4 35. axb6 axb6 36. Rxb6 Kg6 37. Kg3 d5 38. Kf3 Kf5 39. Rb5 h5 40. h3 Ke5 41. Rb8 Rd3+ 42. Ke2 Rd4 43. Ke3 Re4+ 44. Kf3 h4 45. Re8+ Kf5 46. Rd8 Rd4 47. Ke3 1/2-1/2

[Event "CZE-chT2C 1011"]
[Site "Czech Republic"]
[Date "2010.11.21"]
[Round "3.7"]
[White "Burda, Roman"]
[Black "Jezbera, Jiri"]
[Result "1-0"]
[WhiteElo "2136"]
[BlackElo "2190"]
[PlyCount "55"]
[EventDate "2010.10.17"]
[EventType "team-tourn"]
[EventRounds "11"]
[EventCountry "CZE"]
[SourceTitle "EXT 2012"]
[Source "ChessBase"]
[SourceDate "2011.11.24"]
[SourceVersion "1"]
[SourceVersionDate "2011.11.24"]
[SourceQuality "1"]
[WhiteTeam "Neratovice"]
[BlackTeam "Hradec Kralove II"]
[WhiteTeamCountry "CZE"]
[BlackTeamCountry "CZE"]

1. e4 c5 2. c3 e6 3. d4 d5 4. exd5 Qxd5 5. Nf3 Nc6 6. Be3 cxd4 7. Nxd4 Nxd4 8. Qxd4 Nf6 9. c4 Bb4+ 10. Nc3 Qa5 11. Bd2 0-0 12. a3 Bc5 13. Qh4 Qc7 14. Bf4 e5 15. Bg5 Be7 16. Bd3 h6 17. Bxf6 Bxf6 18. Qe4 g6 19. Nd5 Qd8 20. 0-0-0 Bg7 21. g4 Qg5+ 22. f4 exf4 23. h4 Qxg4 24. h5 f3 25. Ne7+ Kh8 26. hxg6 f5 27. Qe3 f4 28. Rxh6+ 1-0

[Event "CZE-chT2B 0910"]
[Site "Czech Republic"]
[Date "2010.04.18"]
[Round "11.8"]
[White "Majstr, Jiri"]
[Black "Burda, Roman"]
[Result "0-1"]
[WhiteElo "1870"]
[BlackElo "2128"]
[PlyCount "112"]
[EventDate "2009.10.18"]
[EventType "team-tourn"]
[EventRounds "11"]
[EventCountry "CZE"]
[SourceTitle "EXT 2012"]
[Source "ChessBase"]
[SourceDate "2011.11.24"]
[SourceVersion "1"]
[SourceVersionDate "2011.11.24"]
[SourceQuality "1"]
[WhiteTeam "Novoborsky III"]
[BlackTeam "Neratovice"]
[WhiteTeamCountry "CZE"]
[BlackTeamCountry "CZE"]

1. e4 e5 2. Nf3 Nc6 3. d4 exd4 4. Nxd4 Qf6 5. Be3 Bc5 6. c3 Nge7 7. a4 d5 8. exd5 Nxd5 9. Bb5 Nxe3 10. fxe3 Qh4+ 11. Kd2 Bg4 12. Qe1 Qxe1+ 13. Rxe1 0-0-0 14. Bxc6 bxc6 15. Kc2 Kb7 16. Nd2 Bd6 17. h3 Bd7 18. b4 a6 19. Reb1 Rhe8 20. Nc4 Re4 21. Nxd6+ cxd6 22. Kd2 Rde8 23. b5 axb5 24. axb5 c5 25. Nc2 Bf5 26. b6 R4e7 27. Ra7+ Kc6 28. Rxe7 Rxe7 29. Rb2 Bxc2 30. Kxc2 c4 31. Rb4 d5 32. e4 dxe4 33. Rxc4+ Kxb6 34. Kd2 f5 35. Rc8 Rd7+ 36. Ke2 Rc7 37. Rf8 g6 38. g4 Rc5 39. gxf5 gxf5 40. h4 h5 41. Rh8 Rxc3 42. Rxh5 f4 43. Rf5 f3+ 44. Ke1 Kc6 45. h5 Kd6 46. h6 Ke6 47. h7 Rc1+ 48. Kd2 Rh1 49. Rf4 Ke5 50. Rf7 Rh2+ 51. Ke1 Kd4 52. Kf1 Ke3 53. Kg1 Rh4 54. Ra7 f2+ 55. Kg2 Rg4+ 56. Kh3 Rg1 0-1